Imre Kertész, Le spectateur, Notes 1991-2001. Traduit du hongrois par Natalia Zaremba-Huzsvai et Charles Zaremba. Préface de Clara Royer. Actes Sud, « Lettres hongroises », 2023, 272 pages, 22,80 € (notice n° 1618321)
[ vue normale ]
| 000 -LEADER | |
|---|---|
| fixed length control field | 00950cam a2200157 4500500 |
| 005 - DATE AND TIME OF LATEST TRANSACTION | |
| control field | 20260111085607.0 |
| 041 ## - LANGUAGE CODE | |
| Language code of text/sound track or separate title | fre |
| 042 ## - AUTHENTICATION CODE | |
| Authentication code | dc |
| 100 10 - MAIN ENTRY--PERSONAL NAME | |
| Personal name | Loizillon, Victor |
| Relator term | author |
| 245 00 - TITLE STATEMENT | |
| Title | Imre Kertész, Le spectateur, Notes 1991-2001. Traduit du hongrois par Natalia Zaremba-Huzsvai et Charles Zaremba. Préface de Clara Royer. Actes Sud, « Lettres hongroises », 2023, 272 pages, 22,80 € |
| 260 ## - PUBLICATION, DISTRIBUTION, ETC. | |
| Date of publication, distribution, etc. | 2024.<br/> |
| 500 ## - GENERAL NOTE | |
| General note | 72 |
| 520 ## - SUMMARY, ETC. | |
| Summary, etc. | La Fondation Barbier-Mueller, à Genève, met à l’honneur le peuple méconnu des Chepang par une exposition de photographies, complétée par la présentation de magnifiques objets ethniques en provenance du Sud-Himalaya. Le livre Cent ans d’art en Chine, de Christophe Comentale, offre un intéressant comparatif. |
| 786 0# - DATA SOURCE ENTRY | |
| Note | Études | Mars | 3 | 2024-02-28 | p. 125b-144b | 0014-1941 |
| 856 41 - ELECTRONIC LOCATION AND ACCESS | |
| Uniform Resource Identifier | <a href="https://shs.cairn.info/revue-etudes-2024-3-page-125b?lang=fr&redirect-ssocas=7080">https://shs.cairn.info/revue-etudes-2024-3-page-125b?lang=fr&redirect-ssocas=7080</a> |
Pas d'exemplaire disponible.




Réseaux sociaux